| 000 | 01947nam0a2200361 4500 | ||
|---|---|---|---|
| 001 | RU\NLR\BIBL_A\012449329 | ||
| 005 | 20210322161907.0 | ||
| 010 |
_a978-5-9708-0858-0 _9100 |
||
| 021 |
_aRU _bКН-П-20-061929 _9КН-П-20-4650 |
||
| 035 | _a(NLR Aleph) 012449329 | ||
| 035 | _a(RuMoRGB)010446959 | ||
| 090 |
_a11967314 _c11967314 |
||
| 100 | _a20210209d2020 u y0rusy50 ca | ||
| 101 | 0 | _arus | |
| 102 | _aRU | ||
| 105 | _a |||zzzz000zy | ||
| 181 | 0 |
_ai _baxxe |
|
| 182 | 0 | _an | |
| 200 | 1 |
_aУчебное пособие "Применение терминологических стандартов в жизненном цикле изделий авиационной техники" _eпо курсу "Методологи проектирования и оценки конкурентоспособности авиационной техники" _eдля дневной и вечерней форм обучения, для бакалавров _fВ. А. Клягин, Н. М. Куприков |
|
| 203 |
_aТекст _bвизуальный _cнепосредственный |
||
| 210 |
_aОрёл _cКартуш _d2020 |
||
| 215 |
_a47, [1] с. _cтабл., цв. ил. _d21 |
||
| 320 | _aБиблиогр.: с. 44-47 (33 назв.) | ||
| 517 | 1 | _aПрименение терминологических стандартов в жизненном цикле изделий авиационной техники | |
| 606 | 1 |
_aАвиационная техника _jУчебные издания для высших учебных заведений _xСтандартизация _91084064 _3RU\NLR\AUTH\66105259 |
|
| 686 | 1 | _aО52ц.я73-1 | |
| 700 | 1 |
_aКлягин _bВ. А. _gВиктор Анатольевич |
|
| 701 | 1 |
_aКуприков _bН. М. _gНикита Михайлович |
|
| 942 | _cBOOK | ||
| 980 | _aNBR | ||
| 980 | _aNB | ||